000 00271nam a2200097Ia 4500
005 20250424112902.0
008 250424s9999 xx 000 0 und d
300 _av. , 112 p. 24 cm.
650 _aConflict management--Africa--Periodicals. Peace--Periodicals.
942 _cSR
999 _c37699
_d37699